[Event "NED-chT 1819"]
[Site "Netherlands"]
[Date "2019.05.11"]
[Round "9.4"]
[White "Van den Doel, Erik"]
[Black "Trella, Thomas"]
[Result "1-0"]
[WhiteElo "2604"]
[BlackElo "2358"]
[PlyCount "105"]
[EventDate "2018.09.15"]
[EventType "team-tourn"]
[EventRounds "9"]
[EventCountry "NED"]
[SourceTitle "CBM 189 Extra"]
[Source "ChessBase"]
[SourceDate "2019.06.03"]
[SourceVersion "1"]
[SourceVersionDate "2019.06.03"]
[SourceQuality "1"]
[WhiteTeam "Charlois Europoort"]
[BlackTeam "Zuid Limburg"]
[WhiteTeamCountry "NED"]
[BlackTeamCountry "NED"]

1. d4 d5 2. Nf3 Nf6 3. Bf4 e6 4. e3 c5 5. Nbd2 Nc6 6. c3 Bd6 7. Bg3 0-0 8. Bd3 b6 9. Ne5 Qc7 10. f4 Ne7 11. Bh4 Ne8 12. Qb1 g6 13. 0-0 Nf5 14. Bf2 f6 15. Nef3 Bb7 16. Qe1 e5 17. fxe5 fxe5 18. dxe5 Bxe5 19. e4 dxe4 20. Bxe4 Bg7 21. Ng5 Rf6 22. Bxb7 Qxb7 23. Nde4 Rc6 24. Qd2 h6 25. Qd5+ Kh8 26. Nf7+ Kh7 27. Ne5 Rc7 28. Qxb7 Rxb7 29. Nc4 Rd8 30. a4 Ned6 31. Ncxd6 Nxd6 32. Rfd1 Rbd7 33. Rxd6 Rxd6 34. Nxd6 Rxd6 35. Be3 h5 36. Bf4 Rd7 37. a5 Bh6 38. Bb8 bxa5 39. Rxa5 Rd1+ 40. Kf2 Rd2+ 41. Kf3 Rxb2 42. Rxa7+ Kg8 43. Be5 Rd2 44. Rc7 Bf8 45. Rc6 Kh7 46. Rc8 Kg8 47. Bf4 Rd3+ 48. Ke4 Rxc3 49. Bd6 Rc2 50. Rxf8+ Kg7 51. Kf3 Rc3+ 52. Kf2 Rc2+ 53. Kg3 1-0

[Event "NED-chT 1718"]
[Site "Netherlands"]
[Date "2018.04.07"]
[Round "8.3"]
[White "Trella, Thomas"]
[Black "Vrolijk, Liam"]
[Result "1/2-1/2"]
[WhiteElo "2383"]
[BlackElo "2418"]
[PlyCount "57"]
[EventDate "2017.09.16"]
[EventType "team-tourn"]
[EventRounds "9"]
[EventCountry "NED"]
[SourceTitle "EXT 2019"]
[Source "ChessBase"]
[SourceDate "2018.10.10"]
[SourceVersion "1"]
[SourceVersionDate "2018.10.10"]
[SourceQuality "1"]
[WhiteTeam "Voerendaal"]
[BlackTeam "Rotterdam Pathena"]
[WhiteTeamCountry "NED"]
[BlackTeamCountry "NED"]

1. Nf3 Nf6 2. c4 b6 3. g3 Bb7 4. Bg2 g6 5. b3 Bg7 6. Bb2 0-0 7. 0-0 e6 8. d4 d5 9. e3 Nbd7 10. Nbd2 c5 11. Rc1 Rc8 12. Qe2 Qc7 13. Rfd1 Qb8 14. cxd5 exd5 15. dxc5 bxc5 16. Ba3 Rc6 17. Bh3 Re8 18. Qd3 Ba6 19. Qc2 Bb5 20. Re1 Qb7 21. Bb2 Qa6 22. Bxd7 Nxd7 23. Bxg7 Kxg7 24. Qc3+ Rf6 25. b4 cxb4 26. Qxb4 Bd3 27. Rc7 Nf8 28. Rc3 Be4 29. Ra3 1/2-1/2

[Event "BEL-chT 1617"]
[Site "Belgium"]
[Date "2017.02.19"]
[Round "8.5"]
[White "Trella, Thomas"]
[Black "Sclacmender, Julien"]
[Result "1/2-1/2"]
[WhiteElo "2389"]
[BlackElo "2204"]
[PlyCount "42"]
[EventDate "2016.10.02"]
[EventType "team-tourn"]
[EventRounds "11"]
[EventCountry "BEL"]
[SourceTitle "EXT 2018"]
[Source "ChessBase"]
[SourceDate "2017.10.13"]
[SourceVersion "1"]
[SourceVersionDate "2017.10.13"]
[SourceQuality "1"]
[WhiteTeam "Eynatten"]
[BlackTeam "Charleroi CREC"]
[WhiteTeamCountry "BEL"]
[BlackTeamCountry "BEL"]

1. Nf3 c5 2. c4 Nc6 3. g3 g6 4. Nc3 Bg7 5. Bg2 Nf6 6. d4 cxd4 7. Nxd4 0-0 8. c5 Qa5 9. Nb3 Qa6 10. 0-0 b6 11. Rb1 bxc5 12. Nxc5 Qc4 13. Nd3 d6 14. Bg5 Bd7 15. Qd2 Rab8 16. Rfc1 Qa6 17. b4 Nd4 18. Bxf6 Bxf6 19. Nd5 Bc6 20. Be4 Bg7 21. Nc7 Qa3 1/2-1/2

[Event "Oberliga NRW 1617"]
[Site "Germany"]
[Date "2017.02.12"]
[Round "6.3"]
[White "Trella, Thomas"]
[Black "Arndt, Stefan"]
[Result "1-0"]
[WhiteElo "2389"]
[BlackElo "2215"]
[PlyCount "61"]
[EventDate "2016.09.25"]
[EventType "team-tourn"]
[EventRounds "9"]
[EventCountry "GER"]
[SourceTitle "EXT 2020"]
[Source "ChessBase"]
[SourceDate "2019.10.17"]
[SourceVersion "1"]
[SourceVersionDate "2019.10.17"]
[SourceQuality "1"]
[WhiteTeam "Dinslaken"]
[BlackTeam "Ennepe Ruhr Sued"]
[WhiteTeamCountry "GER"]
[BlackTeamCountry "GER"]

1. Nf3 d5 2. g3 Nf6 3. Bg2 e6 4. c4 dxc4 5. Qa4+ Bd7 6. Qxc4 c5 7. Ne5 Qc8 8. Nc3 Nc6 9. Nxd7 Qxd7 10. 0-0 Rc8 11. b3 Be7 12. Rd1 0-0 13. Bb2 a6 14. Qf4 b5 15. d3 Rfd8 16. Rac1 Nd5 17. Qd2 Nb6 18. Ne4 Nd4 19. h4 f5 20. Ng5 Bxg5 21. hxg5 c4 22. Qe3 cxb3 23. Rxc8 Nxc8 24. Bxd4 Qxd4 25. Qxe6+ Kh8 26. axb3 Nd6 27. e3 Qg4 28. Rc1 Qxg5 29. Rc6 Ne8 30. Rc8 Nd6 31. f4 1-0

[Event "BEL-chT 1617"]
[Site "Belgium"]
[Date "2016.12.04"]
[Round "5.5"]
[White "Zhang, Tony"]
[Black "Trella, Thomas"]
[Result "1/2-1/2"]
[WhiteElo "2236"]
[BlackElo "2389"]
[PlyCount "56"]
[EventDate "2016.10.02"]
[EventType "team-tourn"]
[EventRounds "11"]
[EventCountry "BEL"]
[SourceTitle "EXT 2018"]
[Source "ChessBase"]
[SourceDate "2017.10.13"]
[SourceVersion "1"]
[SourceVersionDate "2017.10.13"]
[SourceQuality "1"]
[WhiteTeam "The Belgian CC"]
[BlackTeam "Eynatten"]
[WhiteTeamCountry "BEL"]
[BlackTeamCountry "BEL"]

1. e4 e6 2. d4 d5 3. e5 c5 4. c3 Nc6 5. Nf3 Bd7 6. Be2 Nge7 7. Na3 cxd4 8. cxd4 Qb6 9. 0-0 Nf5 10. Nc2 a5 11. g4 Nfe7 12. h3 h5 13. b3 Rc8 14. a3 hxg4 15. hxg4 Na7 16. Ne3 Ng6 17. Ng2 Bb5 18. Be3 Be7 19. b4 a4 20. Nge1 Bxe2 21. Qxe2 Qb5 22. Nd3 Rc3 23. Rfd1 Kd7 24. Qd2 Rc7 25. Nc5+ Kc8 26. Rac1 Nh4 27. Nxh4 Rxh4 28. f3 Rh8 1/2-1/2

[Event "Oberliga NRW 1617"]
[Site "Germany"]
[Date "2016.10.23"]
[Round "2.3"]
[White "Trella, Thomas"]
[Black "Koehler, Christian Friedrich"]
[Result "1-0"]
[WhiteElo "2389"]
[BlackElo "2137"]
[PlyCount "76"]
[EventDate "2016.09.25"]
[EventType "team-tourn"]
[EventRounds "9"]
[EventCountry "GER"]
[SourceTitle "EXT 2020"]
[Source "ChessBase"]
[SourceDate "2019.10.17"]
[SourceVersion "1"]
[SourceVersionDate "2019.10.17"]
[SourceQuality "1"]
[WhiteTeam "Dinslaken"]
[BlackTeam "Godesberg"]
[WhiteTeamCountry "GER"]
[BlackTeamCountry "GER"]

1. c4 c6 2. Nf3 d5 3. g3 Nf6 4. Bg2 Bf5 5. 0-0 e6 6. d3 Be7 7. Be3 0-0 8. Qb3 b6 9. h3 h6 10. Nc3 Bh7 11. Qa4 Qd7 12. Bxb6 Qb7 13. Bd4 Nbd7 14. cxd5 exd5 15. Ne5 Nxe5 16. Bxe5 Nd7 17. Bd4 Nc5 18. Bxc5 Bxc5 19. Qc2 Rac8 20. Rac1 Bf5 21. Qd2 Bd6 22. e4 Be6 23. exd5 Bxd5 24. Bxd5 cxd5 25. Ne2 Bb4 26. Qf4 Be7 27. Rxc8 Rxc8 28. Rc1 Rxc1+ 29. Qxc1 Qa6 30. Qb1 Qe6 31. Nf4 Qf5 32. Kg2 g5 33. Nh5 Bc5 34. Qc2 Bd4 35. b3 Qe6 36. g4 f5 37. gxf5 Qxf5 38. Ng3 Be5 1-0

[Event "BL2-West 1516"]
[Site "Germany"]
[Date "2016.03.13"]
[Round "8.3"]
[White "Trella, Thomas"]
[Black "Vandenbussche, Thibaut"]
[Result "1/2-1/2"]
[WhiteElo "2392"]
[BlackElo "2408"]
[PlyCount "66"]
[EventDate "2015.09.20"]
[EventType "team-tourn"]
[EventRounds "9"]
[EventCountry "GER"]
[SourceTitle "EXT 2017"]
[Source "ChessBase"]
[SourceDate "2016.10.25"]
[SourceVersion "1"]
[SourceVersionDate "2016.10.25"]
[SourceQuality "1"]
[WhiteTeam "Dinslaken"]
[BlackTeam "Aachen SV"]
[WhiteTeamCountry "GER"]
[BlackTeamCountry "GER"]

1. Nf3 Nf6 2. c4 b6 3. g3 Bb7 4. Bg2 g6 5. b3 Bg7 6. Bb2 0-0 7. 0-0 c5 8. Nc3 d5 9. Nxd5 Nxd5 10. Bxg7 Kxg7 11. cxd5 Qxd5 12. d4 cxd4 13. Qxd4+ Qxd4 14. Nxd4 Bxg2 15. Kxg2 Rc8 16. Rfd1 Na6 17. Rd2 Nc5 18. Rc1 a5 19. Nb5 Rd8 20. Rcd1 Rxd2 21. Rxd2 Rc8 22. f3 Ne6 23. Kf2 Rc5 24. Na3 Rc6 25. Nc4 Nc5 26. Ne5 Rc7 27. Ke1 f6 28. Nc4 a4 29. b4 Ne4 30. Rd4 Nc3 31. Nxb6 Rb7 32. Rc4 Nxa2 33. Nxa4 Rxb4 1/2-1/2

[Event "BL2-West 1516"]
[Site "Germany"]
[Date "2016.02.21"]
[Round "7.2"]
[White "Trella, Thomas"]
[Black "Timman, Jan H"]
[Result "0-1"]
[WhiteElo "2392"]
[BlackElo "2569"]
[PlyCount "86"]
[EventDate "2015.09.20"]
[EventType "team-tourn"]
[EventRounds "9"]
[EventCountry "GER"]
[SourceTitle "EXT 2017"]
[Source "ChessBase"]
[SourceDate "2016.10.25"]
[SourceVersion "1"]
[SourceVersionDate "2016.10.25"]
[SourceQuality "1"]
[WhiteTeam "Dinslaken"]
[BlackTeam "Koeln Porz"]
[WhiteTeamCountry "GER"]
[BlackTeamCountry "GER"]

1. Nf3 Nf6 2. c4 c5 3. g3 Nc6 4. Bg2 d5 5. cxd5 Nxd5 6. d4 Nb6 7. dxc5 Qxd1+ 8. Kxd1 Na4 9. Nc3 Nxc5 10. Be3 e5 11. Nb5 Na6 12. Nd2 Be7 13. Rc1 0-0 14. Kc2 Bf5+ 15. Be4 Bxe4+ 16. Nxe4 f5 17. Nec3 f4 18. gxf4 exf4 19. Bd2 Nab4+ 20. Kb1 a6 21. Nc7 Rad8 22. Rcd1 Nd4 23. a3 Nbc6 24. N7d5 Bd6 25. f3 Rf5 26. Bc1 b5 27. b4 Kf7 28. Rd3 Bb8 29. Rhd1 Rfxd5 30. Nxd5 Rxd5 31. e3 fxe3 32. Bxe3 Be5 33. Bg1 Ke6 34. h3 Rd6 35. Re1 Kf5 36. Rc1 Ke6 37. Re1 Nf5 38. Rxd6+ Kxd6 39. Rd1+ Ncd4 40. Rd3 Kd5 41. Kb2 Nh4 42. Bxd4 Bxd4+ 43. Kb3 g5 0-1

[Event "Oberliga NRW 1415"]
[Site "Germany"]
[Date "2015.03.22"]
[Round "8.2"]
[White "Trella, Thomas"]
[Black "Schmitz, Philipp"]
[Result "1/2-1/2"]
[WhiteElo "2378"]
[BlackElo "2126"]
[PlyCount "43"]
[EventDate "2014.09.14"]
[EventType "team-tourn"]
[EventRounds "9"]
[EventCountry "GER"]
[SourceTitle "EXT 2017"]
[Source "ChessBase"]
[SourceDate "2016.10.25"]
[SourceVersion "1"]
[SourceVersionDate "2016.10.25"]
[SourceQuality "1"]
[WhiteTeam "Dinslaken"]
[BlackTeam "Lieme"]
[WhiteTeamCountry "GER"]
[BlackTeamCountry "GER"]

1. Nf3 Nf6 2. c4 c5 3. g3 Nc6 4. Bg2 d5 5. cxd5 Nxd5 6. 0-0 e5 7. Nc3 Be6 8. d3 Be7 9. a4 0-0 10. Nxd5 Bxd5 11. Bd2 Nd4 12. Bc3 Nxf3+ 13. Bxf3 Bxf3 14. exf3 Qd5 15. Re1 Bf6 16. Re3 Rfe8 17. Qe2 Re6 18. Re1 Rae8 19. Re4 h6 20. h4 Rd8 21. Re3 b6 22. Kg2 1/2-1/2

[Event "Oberliga NRW 1415"]
[Site "Germany"]
[Date "2014.11.16"]
[Round "3.2"]
[White "Schuh, Dirk"]
[Black "Trella, Thomas"]
[Result "1/2-1/2"]
[WhiteElo "2322"]
[BlackElo "2378"]
[PlyCount "77"]
[EventDate "2014.09.14"]
[EventType "team-tourn"]
[EventRounds "9"]
[EventCountry "GER"]
[SourceTitle "EXT 2017"]
[Source "ChessBase"]
[SourceDate "2016.10.25"]
[SourceVersion "1"]
[SourceVersionDate "2016.10.25"]
[SourceQuality "1"]
[WhiteTeam "Duesseldorf"]
[BlackTeam "Dinslaken"]
[WhiteTeamCountry "GER"]
[BlackTeamCountry "GER"]

1. e4 e6 2. d4 d5 3. Nc3 Nc6 4. Nf3 Nf6 5. Bd3 Nb4 6. Bg5 Be7 7. e5 Nd7 8. Bxe7 Qxe7 9. 0-0 0-0 10. Re1 Nxd3 11. cxd3 b6 12. Rc1 Ba6 13. Ne2 c5 14. Nf4 Rfc8 15. Qa4 Bb7 16. Rc3 a5 17. Rec1 cxd4 18. Qxd4 Rxc3 19. Rxc3 Rc8 20. Rxc8+ Bxc8 21. Nh5 Qc5 22. Qf4 Qc2 23. h4 h6 24. Qg4 Qc1+ 25. Kh2 g6 26. Nf6+ Kg7 27. Nxd7 Bxd7 28. Qd4 Qc5 29. Qf4 Qe7 30. Kg3 Bb5 31. Qd4 Qc7 32. a3 a4 33. Qe3 Qc2 34. Qxb6 Bxd3 35. Qd8 Be2 36. Qf6+ Kg8 37. Qd8+ Kg7 38. Qf6+ Kg8 39. Qd8+ 1/2-1/2

[Event "NED-chT 1415"]
[Site "Netherlands"]
[Date "2014.09.27"]
[Round "1.6"]
[White "Trella, Thomas"]
[Black "De Jong, Jan Willem"]
[Result "1/2-1/2"]
[WhiteElo "2395"]
[BlackElo "2455"]
[PlyCount "34"]
[EventDate "2014.09.27"]
[EventType "team-tourn"]
[EventRounds "9"]
[EventCountry "NED"]
[SourceTitle "CBM 162 Extra"]
[Source "ChessBase"]
[SourceDate "2014.10.17"]
[SourceVersion "1"]
[SourceVersionDate "2014.10.17"]
[SourceQuality "1"]
[WhiteTeam "Voerendaal"]
[BlackTeam "Leiden LSG"]
[WhiteTeamCountry "NED"]
[BlackTeamCountry "NED"]

1. Nf3 d5 2. g3 Nf6 3. Bg2 Bf5 4. c4 c6 5. 0-0 e6 6. d3 h6 7. Qb3 Qb6 8. Qc2 Be7 9. cxd5 exd5 10. Nc3 0-0 11. e4 Bh7 12. Be3 Qa6 13. a3 Nbd7 14. b4 Nb6 15. Rfe1 dxe4 16. dxe4 Nbd5 17. Bd4 Nxc3 1/2-1/2

[Event "NED-chT 1314"]
[Site "Netherlands"]
[Date "2014.05.10"]
[Round "9.5"]
[White "Geurink, Jasper"]
[Black "Trella, Thomas"]
[Result "1-0"]
[WhiteElo "2346"]
[BlackElo "2394"]
[PlyCount "147"]
[EventDate "2013.09.21"]
[EventType "team-tourn"]
[EventRounds "9"]
[EventCountry "NED"]
[SourceTitle "EXT 2015"]
[Source "ChessBase"]
[SourceDate "2014.11.20"]
[SourceVersion "1"]
[SourceVersionDate "2014.11.20"]
[SourceQuality "1"]
[WhiteTeam "Groningen"]
[BlackTeam "Voerendaal"]
[WhiteTeamCountry "NED"]
[BlackTeamCountry "NED"]

1. e4 e6 2. d4 d5 3. e5 c5 4. c3 Nc6 5. Be3 Bd7 6. dxc5 Nxe5 7. f4 Ng6 8. Bd3 Qc7 9. Bxg6 hxg6 10. b4 g5 11. fxg5 Rxh2 12. Rxh2 Qxh2 13. Qe2 Ne7 14. Nf3 Qg3+ 15. Kf1 Nf5 16. Kg1 f6 17. Nbd2 Be7 18. Bf2 Qf4 19. Nd4 Nxd4 20. cxd4 Qxg5 21. b5 Kf7 22. Nf3 Qf4 23. a4 g5 24. Be3 Qe4 25. Qf2 Kg7 26. Re1 Qf5 27. Qg3 Rc8 28. Rf1 Qg6 29. Rc1 Qd3 30. Re1 Qf5 31. Rf1 Qg6 32. Bxg5 Be8 33. Bf4 Qxg3 34. Bxg3 Bd8 35. Bf2 a6 36. Rb1 axb5 37. axb5 Bc7 38. b6 Bb8 39. Re1 Kf7 40. Bh4 Bb5 41. Kf2 Ba6 42. g4 e5 43. Bg3 Kg8 44. Rc1 Bc4 45. dxe5 fxe5 46. Bxe5 Bxe5 47. Nxe5 Rxc5 48. Ke3 Rb5 49. Nd7 Kf7 50. Rh1 Kg6 51. Kf4 Rb2 52. Ke5 Bb5 53. Nf8+ Kf7 54. Nh7 Bd3 55. Ng5+ Kg6 56. Ne6 Rxb6 57. Nf4+ Kg5 58. Nxd3 Kxg4 59. Nf4 d4 60. Ke4 Kg5 61. Rg1+ Kh6 62. Kf5 d3 63. Nxd3 Rb3 64. Ne5 Rb2 65. Rh1+ Kg7 66. Ke6 b5 67. Rg1+ Kh6 68. Nd3 Ra2 69. Nf4 Ra6+ 70. Kf7 Ra7+ 71. Kf6 Ra6+ 72. Ne6 Kh5 73. Kf5 Kh4 74. Nf4 1-0

[Event "BEL-chT 1213"]
[Site "Belgium"]
[Date "2013.02.03"]
[Round "8.3"]
[White "Trella, Thomas"]
[Black "Roos, Adrian"]
[Result "1-0"]
[WhiteElo "2401"]
[BlackElo "2199"]
[PlyCount "79"]
[EventDate "2012.09.23"]
[EventType "team-tourn"]
[EventRounds "11"]
[EventCountry "BEL"]
[SourceTitle "EXT 2014"]
[Source "ChessBase"]
[SourceDate "2013.11.20"]
[SourceVersion "1"]
[SourceVersionDate "2013.11.20"]
[SourceQuality "1"]
[WhiteTeam "Eynatten"]
[BlackTeam "Zottegem"]
[WhiteTeamCountry "BEL"]
[BlackTeamCountry "BEL"]

1. c4 Nf6 2. g3 e6 3. Bg2 d5 4. Nf3 Be7 5. d4 0-0 6. Qc2 dxc4 7. Nbd2 b5 8. a4 b4 9. Nxc4 Bb7 10. 0-0 Be4 11. Qb3 Bd5 12. Rd1 c5 13. Bf4 Nc6 14. dxc5 Bxc5 15. Nfe5 Nd4 16. Qd3 Bxg2 17. Kxg2 Qd5+ 18. f3 Rfd8 19. e3 Nf5 20. e4 Qxd3 21. Nxd3 e5 22. Bxe5 Ne3+ 23. Nxe3 Bxe3 24. Nxb4 Rd2+ 25. Rxd2 Bxd2 26. Nc6 Nd7 27. Bd4 Nb6 28. Bxb6 axb6 29. Rd1 Bg5 30. f4 Bh6 31. Rd8+ Rxd8 32. Nxd8 Kf8 33. Nc6 g6 34. Kf3 Bg7 35. e5 Ke8 36. Ke4 Kd7 37. Kd5 Bf8 38. b4 h5 39. a5 bxa5 40. bxa5 1-0

[Event "Paderborn op 09th"]
[Site "Paderborn"]
[Date "2012.12.30"]
[Round "7"]
[White "Epishin, Vladimir"]
[Black "Trella, Thomas"]
[Result "1-0"]
[WhiteElo "2575"]
[BlackElo "2404"]
[PlyCount "108"]
[EventDate "2012.12.27"]
[EventType "swiss"]
[EventRounds "7"]
[EventCountry "GER"]
[SourceTitle "CBM 152 Extra"]
[Source "ChessBase"]
[SourceDate "2013.02.25"]
[SourceVersion "1"]
[SourceVersionDate "2013.02.25"]
[SourceQuality "1"]

1. d4 e6 2. c4 Bb4+ 3. Bd2 a5 4. g3 d6 5. Nc3 e5 6. Nf3 Nc6 7. a3 Bxc3 8. Bxc3 Qe7 9. d5 Nb8 10. e4 Nf6 11. Nd2 a4 12. Bg2 h5 13. h4 Bd7 14. 0-0 Na6 15. Re1 Nc5 16. Bb4 b6 17. Qe2 g6 18. Rad1 0-0 19. Nb1 Nb3 20. f3 Rae8 21. Nc3 Qd8 22. Qe3 Kg7 23. Re2 Qc8 24. Rf2 Re7 25. Ne2 Ng8 26. Kh2 Nh6 27. Ng1 f5 28. exf5 Nxf5 29. Qe1 Ref7 30. Nh3 Nh6 31. Bc3 Bxh3 32. Bxh3 Qa6 33. Qe4 Nc5 34. Qe2 Kh7 35. Rdf1 e4 36. fxe4 Rxf2+ 37. Rxf2 Rxf2+ 38. Qxf2 Nxe4 39. Qe2 Nxc3 40. Qe7+ Kh8 41. Qd8+ Kg7 42. Qxc7+ Kh8 43. bxc3 Qa5 44. Qd8+ Kg7 45. Qe7+ Kh8 46. Qe3 Kh7 47. Bd7 Ng4+ 48. Bxg4 hxg4 49. Kg2 Qc5 50. Qxc5 bxc5 51. Kf2 Kg7 52. Ke3 Kh6 53. Ke4 g5 54. h5 Kg7 1-0

[Event "Milan Crespi op-A 33rd"]
[Site "Milan"]
[Date "2012.12.05"]
[Round "5"]
[White "Quaranta, Cristiano"]
[Black "Trella, Thomas"]
[Result "0-1"]
[WhiteElo "2102"]
[BlackElo "2404"]
[PlyCount "70"]
[EventDate "2012.12.01"]
[EventType "swiss"]
[EventRounds "9"]
[EventCountry "ITA"]
[SourceTitle "CBM 151 Extra"]
[Source "ChessBase"]
[SourceDate "2012.12.18"]
[SourceVersion "1"]
[SourceVersionDate "2012.12.18"]
[SourceQuality "1"]

1. d4 e6 2. c4 Bb4+ 3. Bd2 a5 4. Nc3 Nf6 5. Nf3 d6 6. a3 Bxc3 7. Bxc3 Nbd7 8. Qc2 Qe7 9. g3 b6 10. Bg2 Bb7 11. 0-0 Be4 12. Qd2 a4 13. Ne1 Bxg2 14. Kxg2 e5 15. Nc2 0-0 16. Ne3 Qe6 17. d5 Qe8 18. Nf5 Ne4 19. Qe3 Nxc3 20. Qg5 g6 21. Nh6+ Kg7 22. bxc3 f5 23. e4 fxe4 24. Rae1 Nc5 25. h4 Qd8 26. Qxd8 Raxd8 27. Ng4 Rf3 28. Ne3 Rdf8 29. Re2 h5 30. Rd1 Kh6 31. Rh1 Nd7 32. Rb1 g5 33. hxg5+ Kxg5 34. Rh1 Nc5 35. Rh4 Nd3 0-1

[Event "Milan Crespi op-A 33rd"]
[Site "Milan"]
[Date "2012.12.04"]
[Round "4"]
[White "Trella, Thomas"]
[Black "Andreoni, Giuseppe"]
[Result "1-0"]
[WhiteElo "2404"]
[BlackElo "2101"]
[PlyCount "105"]
[EventDate "2012.12.01"]
[EventType "swiss"]
[EventRounds "9"]
[EventCountry "ITA"]
[SourceTitle "CBM 151 Extra"]
[Source "ChessBase"]
[SourceDate "2012.12.18"]
[SourceVersion "1"]
[SourceVersionDate "2012.12.18"]
[SourceQuality "1"]

1. Nf3 c5 2. c4 g6 3. g3 Bg7 4. Bg2 Nc6 5. 0-0 d6 6. Nc3 Qd7 7. e3 Bxc3 8. dxc3 b6 9. e4 Bb7 10. Qe2 f6 11. Ne1 0-0-0 12. f4 e6 13. Be3 Qf7 14. Nd3 Nge7 15. Rad1 h5 16. h3 Rhe8 17. b4 d5 18. bxc5 dxc4 19. Nb2 b5 20. a4 a6 21. Rd6 f5 22. e5 Nd5 23. Bxd5 exd5 24. axb5 axb5 25. Bd4 Rxd6 26. cxd6 Nxd4 27. cxd4 Qd7 28. Qd2 h4 29. gxh4 Qd8 30. Qb4 Qxh4 31. Qc5+ Kd7 32. Qc7+ Ke6 33. Kg2 Rh8 34. Qxb7 Qxh3+ 35. Kf2 Qh4+ 36. Ke2 Qg4+ 37. Ke1 Qh4+ 38. Kd1 Qd8 39. d7 Qa5 40. Qc6+ Ke7 41. Qf6+ Kxd7 42. Qg7+ Kc6 43. Qxg6+ Kc7 44. Qg7+ Kb6 45. Qf6+ Kc7 46. Qxh8 Qa1+ 47. Ke2 Qxb2+ 48. Kf3 Qc3+ 49. Kg2 Qc2+ 50. Rf2 Qe4+ 51. Kg3 Qe3+ 52. Kg2 Qe4+ 53. Kh2 1-0

[Event "NRW Class1 1213"]
[Site "Germany"]
[Date "2012.11.18"]
[Round "3.1"]
[White "Trella, Thomas"]
[Black "Weber, Peter"]
[Result "1-0"]
[WhiteElo "2373"]
[BlackElo "2189"]
[PlyCount "45"]
[EventDate "2012.09.16"]
[EventType "team-tourn"]
[EventRounds "9"]
[EventCountry "GER"]
[SourceTitle "EXT 2017"]
[Source "ChessBase"]
[SourceDate "2016.10.25"]
[SourceVersion "1"]
[SourceVersionDate "2016.10.25"]
[SourceQuality "1"]
[WhiteTeam "Dinslaken"]
[BlackTeam "Langenfeld"]
[WhiteTeamCountry "GER"]
[BlackTeamCountry "GER"]

1. Nf3 Nf6 2. c4 g6 3. g3 Bg7 4. Bg2 0-0 5. d4 d6 6. 0-0 c6 7. Nc3 Qb6 8. h3 Qa6 9. b3 b5 10. cxb5 cxb5 11. b4 Qb6 12. Qd3 a6 13. e4 Bb7 14. Be3 d5 15. Nd2 Nc6 16. e5 Ne8 17. Nxd5 Qd8 18. Nb3 e6 19. Nc5 Nxe5 20. Nxb7 Nxd3 21. Nxd8 Rxd8 22. Ne7+ Kh8 23. Rab1 1-0